Online
Catalog

Literatura estadounidense contemporánea : (Record no. 2985)

MARC details
000 -CABECERA
campo de control de longitud fija 00799cam a2200229 a 4500
001 - NÚMERO DE CONTROL
campo de control 000003154
005 - FECHA Y HORA DE LA ÚLTIMA TRANSACCIÓN
campo de control 20200929150339.0
008 - DATOS DE LONGITUD FIJA--INFORMACIÓN GENERAL
campo de control de longitud fija 830216s1985 mx b 001 0 spa
020 ## - NÚMERO INTERNACIONAL ESTÁNDAR DEL LIBRO
Número Internacional Estándar del Libro 9684092814
040 ## - FUENTE DE LA CATALOGACIÓN
Centro catalogador/agencia de origen DO-SdBNP
Centro/agencia transcriptor DLC
Centro/agencia modificador DLC
041 17 - CÓDIGO DE LENGUA
Código de lengua del texto/banda sonora o título independiente spa
Código de lengua original eng
Fuente del código Código de idioma MARC
043 ## - CÓDIGO DE ÁREA GEOGRÁFICA
Código de área geográfica n-mx
050 00 - SIGNATURA TOPOGRÁFICA DE LA BIBLIOTECA DEL CONGRESO
Número de clasificación PS225
Número de documento/Ítem .K48
082 ## - NÚMERO DE LA CLASIFICACIÓN DECIMAL DEWEY
Número de clasificación 810.954
Número de documento/Ítem K47l
100 1# - ENTRADA PRINCIPAL--NOMBRE DE PERSONA
Nombre de persona Kiernan, Robert F.
9 (RLIN) 9953
245 10 - MENCIÓN DE TÍTULO
Título Literatura estadounidense contemporánea :
Resto del título estudio crítico a partir de 1945 /
Mención de responsabilidad, etc. Robert F. Kiernan ; traductor, Aurora Merino Villar.
260 ## - PUBLICACIÓN, DISTRIBUCIÓN, ETC.
Lugar de publicación, distribución, etc. México :
Nombre del editor, distribuidor, etc. Asociados Mexicanos,
Fecha de publicación, distribución, etc. 1985.
300 ## - DESCRIPCIÓN FÍSICA
Extensión 190 p. ;
Dimensiones 19cm.
650 #4 - PUNTO DE ACCESO ADICIONAL DE MATERIA--TÉRMINO DE MATERIA
Término de materia o nombre geográfico como elemento de entrada Literatura estadounidense
Subdivisión general Historia y crítica
Subdivisión cronológica SIGLO XIX
9 (RLIN) 9954
700 1# - PUNTO DE ACCESO ADICIONAL--NOMBRE DE PERSONA
Nombre de persona Merino Villar, Aurora
Término indicativo de función/relación tr.
9 (RLIN) 9955
910 ## - DATOS DE OPCIÓN DEL USUARIO (OCLC)
Datos de opción del usuario Catalogación por copia / LC
Holdings
Estado de retiro Estado de pérdida Restricciones de uso No para préstamo Código de colección Localización permanente Ubicación/localización actual Ubicación en estantería Fecha de adquisición Número de inventario Total de préstamos Signatura topográfica completa Código de barras Fecha visto por última vez Precio válido a partir de Tipo de ítem Koha
    Préstamo interno   Monografías: Libros y Folletos General General En catalogación 06.07.2009 LF1   810.954 K47l 3154-10 25.06.2020 25.06.2020 Préstamo interno

Powered by Koha